El famoso cohete / (Registro nro. 12473)
[ vista simple ]
| 000 -LIDER | |
|---|---|
| fixed length control field | 00866nam a2200313 b 4500 |
| 001 - NÚMERO DE CONTROL | |
| Identificador de número de control | |
| 003 - IDENTIFICACDOR DE NÚMERO DE CONTROL | |
| control field | DO-SdBNP |
| 005 - DATE AND TIME OF LATEST TRANSACTION | |
| control field | 20180221095339.0 |
| 008 - ELEMENTOS DE LONGITUD FIJA | |
| fixed length control field | 981019s1992 sp | ||| ||spa |
| 016 7# - NO. DE CONTROL DE LA AGENCIA BIB. NACIONAL | |
| Record control number | |
| Source | BPMSU |
| 017 ## - NÚMERO DE REGISTRO DE DERECHOS DE AUTOR | |
| Copyright or legal deposit number | |
| Assigning agency | |
| 020 ## - ISBN | |
| International Standard Book Number | 8439286937 |
| 035 ## - NÚMERO LOCAL | |
| System control number | (OCoLC) |
| 040 ## - FUENTE DE CATALOGACIÓN | |
| Agencia que crea de manera original el registro | BPMSU |
| Idioma de catalogación | spa |
| Agencia que realiza la transcripción | BPMSU |
| Convenciones de la despripción | |
| 041 1# - CÓDIGOS DE OBRAS TRADUCIDAS O EN VARIOS IDIOMAS | |
| Código del idioma del texto/archivo de sonido o separata | spa |
| Cód. del idioma original y/o traducciones intermedias del texto | |
| 080 #0 - NÚMERO DE CLASIFICACIÓN DECIMAL UNIVERSAL | |
| Universal Decimal Classification number | |
| 100 1# - ASIENTO PRINCIPAL -- NOMBRE PERSONAL | |
| Nombre personal | Wilde, Oscar |
| Fechas asociadas con el nombre | 1854-1900 |
| 240 14 - TITULO UNIFORME | |
| Título uniforme | The remarkable rocket |
| Idioma de una obra | Español |
| 245 13 - MENCIÓN DE TITULO | |
| Título | El famoso cohete / |
| Medio (Designación general de material) | |
| Mención de responsabilidad | Oscar Wilde ; ilustraciones de Julia Díaz ;traducción, Úrsula R. Hesles |
| 250 ## - MENCIÓN DE EDICION | |
| Mención de edición | 3ª ed. |
| 260 ## - PUBLICACIÓN, DISTRIBUCIÓN, ETC. (PIE DE IMPRENTA) | |
| Lugar de publicación, distribución, etc | Madrid : |
| Nombre del editor, distribuidor, etc. | Gaviota, |
| Fecha de publicación, distribución, etc | 1998 |
| 300 ## - DESCRIPCIÓN FÍSICA | |
| Extensión | 68 p. : |
| Otros detalles físicos | il. ; |
| Dimensiones | 19 cm |
| 490 ## - MENCIÓN DE SERIES | |
| Mención de serie | Gaviota-junior |
| 700 1# - ASIENTO SECUNDARIO -- NOMBRE PERSONAL | |
| Nombre personal | Hesles, Úrsula R. |
| 830 ## - ASIENTO SECUNDARIO DE SERIE--TÍTULO UNIFORME | |
| Título uniforme | Gaviota-junior |
| 942 ## - ADDED ENTRY ELEMENTS (KOHA) | |
| Source of classification or shelving scheme | Dewey Decimal Classification |
| Koha item type | Libros |
| 945 ## - INFORMACIÓN DE PROCESAMIENTO LOCAL | |
| Información de procesamiento local | inventariado, 2018 / dg |
| 956 ## - LOCAL ELECTRONIC LOCATION AND ACCESS (OCLC) | |
| Nombre de host | VMATEO |
| Número de acceso | 10 |
| Información de compresión | 20170116 |
| Trayectoria | BPMSU |
| Nombre Electrónico | 0069 |
| Withdrawn status | Lost status | Source of classification or shelving scheme | Damaged status | Not for loan | Collection code | Home library | Current library | Date acquired | Source of acquisition | Total Checkouts | Barcode | Date last seen | Price effective from | Koha item type |
|---|---|---|---|---|---|---|---|---|---|---|---|---|---|---|
| Dewey Decimal Classification | Colección Infantil General | Biblioteca Pública Metropolitana Salomé Ureña | Biblioteca Pública Metropolitana Salomé Ureña | 03/15/2017 | Fundación Educativa y Cultural (FUNDI) | BPMSU17030008 | 03/15/2017 | 03/15/2017 | Libros |